000 00506nam a2200181Ia 4500
003 GCL
008 140319s9999 xx 000 0 eng d
020 _a2880466768
040 _aGCL /
_cGCL
082 0 4 _a770
_bR M
245 1 0 _aMICHAEL BUSSELL'S GUIDE TO PHOTOGRAPHING LANDSCAPES AND GARDENS
260 _aسويسرا :
_bROTOVISION SA ،
_c2002
300 _a20 CM ؛
_c207 P
650 0 4 _aPHOTOGRAPHIC
650 0 4 _aLANDSCAPE - PHOTOGRAPHING
650 0 4 _aGARDEN - PHOTOGRAPHING
942 _2ddc
_cBK
999 _c6630
_d6630